000
00303nam a22001337a 4500
008
171102b xxu||||| |||| 00| 0 eng d
020
_a
9780078137211
041
_a
eng
080
_2
7 ED
_a
339.9
100
_a
59
101
_a
GLO
245
_a
GLOBAL BUSINESS TODAY
_c
002-2936533
942
_2
udc
_c
BK
999
_c
37206
_d
37206